[Event "Sofia ChessBomb op 1st"]
[Site "Sofia"]
[Date "2015.08.01"]
[Round "2"]
[White "Tsekov, Svetozar"]
[Black "Evstatiev, Georgi"]
[Result "0-1"]
[WhiteElo "2198"]
[BlackElo "2146"]
[PlyCount "55"]
[EventDate "2015.08.01"]
[EventType "swiss"]
[EventRounds "6"]
[EventCountry "BUL"]
[SourceTitle "EXT 2016"]
[Source "ChessBase"]
[SourceDate "2015.10.08"]
[SourceVersion "1"]
[SourceVersionDate "2015.10.08"]
[SourceQuality "1"]

1. d4 Nf6 2. c4 g6 3. Nc3 Bg7 4. e4 d6 5. Nf3 0-0 6. Be2 e5 7. 0-0 Nc6 8. d5 Ne7 9. Nd2 Nd7 10. b4 f5 11. a4 Nf6 12. Ba3 fxe4 13. Ndxe4 Nf5 14. c5 dxc5 15. bxc5 Nxe4 16. Nxe4 Nd4 17. d6 Qh4 18. Ng3 cxd6 19. cxd6 Be6 20. Bd3 Bd5 21. Re1 Bb3 22. Qb1 Bxa4 23. Be4 Bc6 24. Bxc6 bxc6 25. Bc5 a5 26. Qa2+ Kh8 27. Bb6 a4 28. d7 0-1

[Event "Teteven op 29th"]
[Site "Teteven"]
[Date "2014.08.15"]
[Round "7"]
[White "Dzanev, Georgi"]
[Black "Evstatiev, Georgi"]
[Result "1/2-1/2"]
[WhiteElo "2026"]
[BlackElo "2164"]
[PlyCount "62"]
[EventDate "2014.08.09"]
[EventType "swiss"]
[EventRounds "9"]
[EventCountry "BUL"]
[SourceTitle "CBM 162 Extra"]
[Source "ChessBase"]
[SourceDate "2014.10.17"]
[SourceVersion "1"]
[SourceVersionDate "2014.10.17"]
[SourceQuality "1"]

1. d4 Nf6 2. c4 g6 3. Nc3 Bg7 4. e4 d6 5. f3 0-0 6. Be3 Na6 7. Qd2 c5 8. Nge2 Bd7 9. Bh6 Qb6 10. Bxg7 Kxg7 11. d5 e5 12. dxe6 fxe6 13. 0-0-0 Ne8 14. e5 Bc6 15. exd6 Qd8 16. Ng3 Rf7 17. h4 h6 18. Nce4 Nf6 19. Qc3 Kg8 20. Bd3 Nb4 21. Nxf6+ Qxf6 22. Qxf6 Nxd3+ 23. Rxd3 Rxf6 24. Re3 Rd8 25. Rd1 Kf7 26. Ne4 Bxe4 27. Rxe4 Ke8 28. f4 Kd7 29. g3 Kc6 30. d7 Rxd7 31. Rxd7 Kxd7 1/2-1/2

[Event "Teteven op 29th"]
[Site "Teteven"]
[Date "2014.08.09"]
[Round "1"]
[White "Evstatiev, Georgi"]
[Black "Slavejkov, Anton"]
[Result "1/2-1/2"]
[WhiteElo "2164"]
[BlackElo "1696"]
[PlyCount "120"]
[EventDate "2014.08.09"]
[EventType "swiss"]
[EventRounds "9"]
[EventCountry "BUL"]
[SourceTitle "CBM 162 Extra"]
[Source "ChessBase"]
[SourceDate "2014.10.17"]
[SourceVersion "1"]
[SourceVersionDate "2014.10.17"]
[SourceQuality "1"]

1. d4 Nf6 2. c4 c5 3. d5 b5 4. cxb5 a6 5. b6 Qxb6 6. Nc3 e6 7. e4 exd5 8. exd5 Be7 9. Nf3 0-0 10. Bd3 d6 11. h3 Bb7 12. 0-0 Nbd7 13. Bg5 Rfe8 14. Re1 Bf8 15. Qd2 g6 16. Bc2 Bg7 17. Ba4 Qc7 18. Rxe8+ Rxe8 19. Rd1 Rb8 20. Qf4 Nh5 21. Qh4 Ne5 22. Ne1 h6 23. Bc1 Bf6 24. Qe4 Bc8 25. g4 Rb4 26. Qe2 Nf4 27. Bxf4 Rxf4 28. Nd3 Nxd3 29. Rxd3 Bd4 30. Rf3 Rxf3 31. Qxf3 Qe7 32. Qe4 Qh4 33. Nd1 Qg3+ 34. Qg2 Qf4 35. Kh1 h5 36. gxh5 Bf5 37. Kg1 Be5 38. Be8 Be4 39. Qg4 Qh2+ 40. Kf1 Qh1+ 41. Ke2 Bf5 42. Qg5 Qe4+ 43. Ne3 Qd3+ 44. Ke1 Bxb2 45. f3 Bc3+ 46. Kf2 Qd2+ 47. Kf1 Bxh3+ 48. Kg1 Qe1+ 49. Kh2 Be5+ 50. f4 Qf2+ 51. Kxh3 Qxe3+ 52. Qg3 Qxf4 53. Qxf4 Bxf4 54. hxg6 f6 55. Kg4 Be5 56. Kf5 Kf8 57. Ba4 Ke7 58. Bc2 Bc3 59. Bd3 a5 60. a4 Bd2 1/2-1/2

[Event "Blagoevgrad op"]
[Site "Blagoevgrad"]
[Date "2013.10.01"]
[Round "6"]
[White "Kukov, Andrej"]
[Black "Evstatiev, Georgi"]
[Result "0-1"]
[WhiteElo "1983"]
[BlackElo "2147"]
[PlyCount "116"]
[EventDate "2013.09.28"]
[EventType "swiss"]
[EventRounds "9"]
[EventCountry "BUL"]
[SourceTitle "CBM 156 Extra"]
[Source "ChessBase"]
[SourceDate "2013.10.22"]
[SourceVersion "1"]
[SourceVersionDate "2013.10.22"]
[SourceQuality "1"]

1. d4 Nf6 2. Nf3 d6 3. g3 g6 4. Bg2 Bg7 5. 0-0 0-0 6. c4 c6 7. Nc3 Qc7 8. b3 Re8 9. Bb2 Na6 10. e4 e5 11. dxe5 dxe5 12. Qe2 Nc5 13. b4 Ne6 14. Rfd1 a5 15. a3 Nh5 16. c5 b6 17. Na4 bxc5 18. Nxc5 Nxc5 19. bxc5 Bf8 20. Qc2 f6 21. a4 Ng7 22. h3 Rb8 23. Ba3 Be6 24. Rab1 Qf7 25. Qc3 Bb3 26. Rdc1 Bxa4 27. Rxb8 Rxb8 28. Qxa5 Bb5 29. Bf1 Bxf1 30. Kxf1 Qa2 31. Nd2 Ne6 32. Nc4 Rb1 33. Qc3 Rb3 34. Qc2 Rxa3 35. Nxa3 Qxa3 36. Qc4 Kf7 37. Rb1 Qxc5 38. Rb7+ Be7 39. Qxc5 Nxc5 40. Rc7 Nxe4 41. Rxc6 Nd6 42. Kg2 f5 43. g4 e4 44. gxf5 gxf5 45. f3 Ke6 46. fxe4 fxe4 47. Kg3 Bg5 48. h4 Bd2 49. Kf2 Kd5 50. Rc7 h6 51. Ke2 Bf4 52. Re7 Nf5 53. Rf7 Ke5 54. Rf8 Nxh4 55. Re8+ Kf5 56. Rf8+ Kg4 57. Re8 Nf5 58. Rg8+ Bg5 0-1

[Event "Albena op 19th"]
[Site "Albena"]
[Date "2011.06.26"]
[Round "2"]
[White "Nevednichy, Vladislav"]
[Black "Evstatiev, Georgi"]
[Result "1-0"]
[WhiteElo "2542"]
[BlackElo "2148"]
[PlyCount "57"]
[EventDate "2011.06.25"]
[EventType "swiss"]
[EventRounds "9"]
[EventCountry "BUL"]
[SourceTitle "CBM 143 Extra"]
[Source "ChessBase"]
[SourceDate "2011.08.29"]
[SourceVersion "1"]
[SourceVersionDate "2011.08.29"]
[SourceQuality "1"]

1. e4 c5 2. Nf3 d6 3. d4 cxd4 4. Nxd4 Nf6 5. Nc3 a6 6. f4 e6 7. a4 Be7 8. Bd3 Nc6 9. Nb3 Na5 10. Nd4 Nc6 11. Nf3 Qc7 12. 0-0 0-0 13. Kh1 Re8 14. Qe1 b6 15. e5 Nd7 16. exd6 Bxd6 17. Ne4 Bf8 18. Bd2 Bb7 19. Bc3 h6 20. Ne5 Nc5 21. Qg3 Nxe4 22. Bxe4 Ne7 23. Bd3 Nd5 24. Ng4 g6 25. Be5 Qd8 26. Bxg6 fxg6 27. Nxh6+ Kh7 28. Nf7 Qe7 29. Qh3+ 1-0

[Event "Sofia Ivis op"]
[Site "Sofia"]
[Date "2009.10.18"]
[Round "6"]
[White "Evstatiev, Georgi"]
[Black "Stoynov, Yordan"]
[Result "0-1"]
[WhiteElo "2132"]
[BlackElo "2258"]
[PlyCount "102"]
[EventDate "2009.10.14"]
[EventType "swiss"]
[EventRounds "7"]
[EventCountry "BUL"]
[SourceTitle "CBM 132 Extra"]
[Source "ChessBase"]
[SourceDate "2009.11.03"]
[SourceVersion "1"]
[SourceVersionDate "2009.11.03"]
[SourceQuality "1"]

1. d4 b5 2. c3 Bb7 3. Bf4 e6 4. Nd2 Nf6 5. Ngf3 c5 6. a4 b4 7. e3 bxc3 8. bxc3 Nd5 9. Qb3 Qb6 10. Rb1 Nxf4 11. exf4 cxd4 12. Qc4 Qc6 13. Qxd4 Qc7 14. Ne5 Bc5 15. Rxb7 Qxb7 16. Qxc5 Nc6 17. Ndc4 Qb1+ 18. Kd2 Nxe5 19. Nd6+ Ke7 20. fxe5 Qb2+ 21. Ke3 Qc1+ 22. Kf3 Qd1+ 23. Kg3 Qd5 24. Nf5+ Kd8 25. Qxd5 exd5 26. Ne3 Re8 27. f4 f6 28. Bd3 fxe5 29. Bxh7 exf4+ 30. Kxf4 Rc8 31. Rb1 Rxc3 32. Rb8+ Rc8 33. Rxc8+ Kxc8 34. Nxd5 Re2 35. Be4 Ra2 36. h4 Rxa4 37. h5 Kd8 38. g4 Ke8 39. Kf5 a5 40. g5 Kf8 41. g6 Rc4 42. Nb6 Rc5+ 43. Bd5 Rb5 44. h6 gxh6 45. Nxd7+ Ke7 46. Nf6 a4 47. Ke5 a3 48. g7 a2 49. Ng8+ Kd8 50. Nf6 a1Q+ 51. Kf5 Rxd5+ 0-1

[Event "BUL-ch U20"]
[Site "Pleven"]
[Date "2006.02.23"]
[Round "4"]
[White "Mladenov, Plamen"]
[Black "Evstatiev, Georgi"]
[Result "1/2-1/2"]
[WhiteElo "2256"]
[BlackElo "2072"]
[PlyCount "119"]
[EventDate "2006.02.22"]
[EventType "swiss"]
[EventRounds "9"]
[EventCountry "BUL"]
[SourceTitle "CBM 111 Extra"]
[Source "ChessBase"]
[SourceDate "2006.05.09"]
[SourceVersion "1"]
[SourceVersionDate "2006.05.09"]
[SourceQuality "1"]

1. d4 Nf6 2. Bg5 e6 3. e4 h6 4. Bxf6 Qxf6 5. c3 d6 6. Bd3 g6 7. Ne2 e5 8. 0-0 Bg7 9. Qa4+ Nd7 10. f4 exd4 11. cxd4 0-0 12. Nbc3 Nb6 13. Qc2 Bg4 14. Rad1 c6 15. e5 dxe5 16. dxe5 Qe7 17. h3 Be6 18. Ng3 Bc4 19. Nge4 Rad8 20. Bxc4 Nxc4 21. Qe2 Qb4 22. Kh1 b5 23. b3 Nb6 24. Rxd8 Rxd8 25. Rd1 Qe7 26. Rd3 b4 27. Nd1 Rxd3 28. Qxd3 Qh4 29. Qg3 Qxg3 30. Nxg3 g5 31. Nf5 Nd5 32. Nf2 gxf4 33. Nd3 Bf8 34. Nd4 c5 35. Ne2 Nc3 36. Nxc3 bxc3 37. Ne1 Bg7 38. Kg1 Bxe5 39. Kf2 Kf8 40. Ke2 Ke7 41. Kd3 Kd6 42. Kc4 Kc6 43. Nd3 f6 44. Ne1 Kd6 45. Nc2 Ke6 46. Kxc5 Kf5 47. b4 Ke4 48. Kc4 a6 49. a4 f3 50. gxf3+ Kxf3 51. Kd3 Kg3 52. Ne3 Kxh3 53. Nd5 f5 54. Nxc3 Kg2 55. Nd5 Kg3 56. Ne7 Kg4 57. b5 axb5 58. axb5 Bc7 59. Nxf5 Kxf5 60. Ke3 1/2-1/2

[Event "BUL-ch U18"]
[Site "Kazanlak"]
[Date "2005.02.15"]
[Round "5"]
[White "Mladenov, Plamen"]
[Black "Evstatiev, Georgi"]
[Result "1/2-1/2"]
[WhiteElo "2223"]
[BlackElo "2078"]
[PlyCount "153"]
[EventDate "2005.02.12"]
[EventType "swiss"]
[EventRounds "9"]
[EventCountry "BUL"]
[SourceTitle "EXT 2006"]
[Source "ChessBase"]
[SourceDate "2005.11.24"]
[SourceVersion "1"]
[SourceVersionDate "2005.11.24"]
[SourceQuality "1"]

1. d4 f5 2. Bg5 d5 3. e3 Nd7 4. c4 c6 5. cxd5 cxd5 6. Nc3 Ngf6 7. Qb3 e6 8. Nge2 Be7 9. Nf4 Nb8 10. Bb5+ Kf7 11. 0-0 a6 12. Be2 Nc6 13. Nd3 Rf8 14. Ne5+ Nxe5 15. dxe5 Nd7 16. Bxe7 Qxe7 17. f4 Qc5 18. Nb1 Nb8 19. Nd2 Nc6 20. Rac1 Qa7 21. Nf3 Bd7 22. Qa3 h6 23. Qc5 Rac8 24. Rc3 Qxc5 25. Rxc5 Nb4 26. Rxc8 Rxc8 27. a3 Nc6 28. Kf2 Na5 29. Nd4 Nc6 30. Nb3 Na7 31. Rc1 Rxc1 32. Nxc1 a5 33. Ke1 g5 34. Kd2 g4 35. Kc3 Ke7 36. Nb3 b6 37. Nd4 Kd8 38. b3 Kc7 39. Bd3 h5 40. g3 b5 41. b4 a4 42. Nc2 Kb6 43. Bf1 Nc6 44. Ne1 Bc8 45. Nd3 Na7 46. Nc5 Nc6 47. Bd3 Nd8 48. Bc2 Nb7 49. Nd3 Bd7 50. Nc1 Nd8 51. Ne2 Nc6 52. Nc1 Nd8 53. Nd3 Bc8 54. Ne1 Bd7 55. Ng2 Bc6 56. Nh4 Be8 57. Bxf5 exf5 58. Nxf5 Nc6 59. Ng7 Bg6 60. f5 Bxf5 61. Nxf5 Nxe5 62. Ne7 Nc4 63. Nxd5+ Kc6 64. e4 Nxa3 65. Nf4 Kd6 66. Nxh5 Ke5 67. Nf4 Nc4 68. h3 gxh3 69. Nxh3 Kxe4 70. g4 Ne3 71. g5 Nd5+ 72. Kb2 Kf5 73. Ka3 Kg4 74. Nf2+ Kxg5 75. Ne4+ Kf4 76. Nd6 Nc7 77. Nxb5 1/2-1/2

[Event "BUL-ch U18"]
[Site "Kazanlak"]
[Date "2005.02.14"]
[Round "3"]
[White "Velchev, Hristo"]
[Black "Evstatiev, Georgi"]
[Result "1-0"]
[WhiteElo "2202"]
[BlackElo "2078"]
[PlyCount "59"]
[EventDate "2005.02.12"]
[EventType "swiss"]
[EventRounds "9"]
[EventCountry "BUL"]
[SourceTitle "EXT 2006"]
[Source "ChessBase"]
[SourceDate "2005.11.24"]
[SourceVersion "1"]
[SourceVersionDate "2005.11.24"]
[SourceQuality "1"]

1. e4 c5 2. Nf3 d6 3. d4 cxd4 4. Nxd4 Nf6 5. Nc3 a6 6. Bg5 e6 7. f4 b5 8. Bd3 Be7 9. Qf3 Bb7 10. 0-0-0 Nbd7 11. Rhe1 h6 12. Bh4 g5 13. fxg5 Ne5 14. gxf6 Nxf3 15. fxe7 Qa5 16. gxf3 Kd7 17. Nb3 Qb6 18. Bf1 Kc7 19. Rd2 b4 20. Nd1 Bc6 21. Bg3 e5 22. Ne3 Qa7 23. Nc4 Rhe8 24. Bh4 a5 25. Bf2 Qb8 26. Bb6+ Kb7 27. Nbxa5+ Rxa5 28. Bxa5 Rxe7 29. Bxb4 Qa7 30. a3 1-0

[Event "Sofia Hemus op 17th"]
[Site "Sofia"]
[Date "2004.11.07"]
[Round "6.3"]
[White "Evstatiev, Georgi"]
[Black "Todorov, Momchil"]
[Result "1-0"]
[WhiteElo "2195"]
[BlackElo "2195"]
[PlyCount "79"]
[EventDate "2004.11.06"]
[EventType "swiss"]
[EventRounds "6"]
[EventCountry "BUL"]
[SourceTitle "EXT 2005"]
[Source "ChessBase"]
[SourceDate "2004.11.15"]
[SourceVersion "1"]
[SourceVersionDate "2004.11.15"]
[SourceQuality "1"]

1. d4 Nf6 2. c4 g6 3. f3 e5 4. d5 Nh5 5. g3 Bg7 6. e4 0-0 7. Nc3 d6 8. Bd2 f5 9. Qe2 Na6 10. 0-0-0 Bd7 11. Nh3 Nc5 12. b4 Na4 13. Nxa4 Bxa4 14. Re1 fxe4 15. fxe4 Bd7 16. Ng5 Bh6 17. Ne6 Bxd2+ 18. Qxd2 Bxe6 19. dxe6 Qe7 20. Bh3 c6 21. Rd1 Rad8 22. Rhf1 Rxf1 23. Rxf1 Nf6 24. Qf2 Nxe4 25. Qf7+ Qxf7 26. Rxf7 Ng5 27. Rd7 Re8 28. Bg4 h5 29. Be2 Nxe6 30. Bd3 e4 31. Be2 Nd4 32. Kd1 Nf5 33. Rxb7 Re7 34. Rxe7 Nxe7 35. Kd2 Nf5 36. b5 cxb5 37. cxb5 Kf8 38. a4 Ke7 39. Bc4 Kd7 40. Bd5 1-0

[Event "Sofia Hemus op 16th"]
[Site "Sofia"]
[Date "2004.10.23"]
[Round "3"]
[White "Evstatiev, Georgi"]
[Black "Paskalev, Dinko"]
[Result "1-0"]
[WhiteElo "2195"]
[BlackElo "1925"]
[PlyCount "75"]
[EventDate "2004.10.09"]
[EventType "swiss"]
[EventRounds "6"]
[EventCountry "BUL"]
[SourceTitle "EXT 2005"]
[Source "ChessBase"]
[SourceDate "2004.11.15"]
[SourceVersion "1"]
[SourceVersionDate "2004.11.15"]
[SourceQuality "1"]

1. d4 d5 2. c4 c6 3. cxd5 cxd5 4. Nc3 Nc6 5. Bf4 Nf6 6. e3 e6 7. Nf3 a6 8. Bd3 b5 9. 0-0 Bb7 10. Rc1 Be7 11. h3 0-0 12. g4 Na5 13. Ne5 Nc4 14. g5 Nxb2 15. gxf6 Nxd1 16. fxe7 Qxe7 17. Rfxd1 f6 18. Ng4 h5 19. Nh2 g5 20. Bg3 h4 21. Nxd5 Bxd5 22. Rc7 Qd8 23. Ng4 Qxc7 24. Bxc7 Rac8 25. Bd6 Rfd8 26. Be7 Re8 27. Nxf6+ Kf7 28. Nxd5 exd5 29. Bxg5 Rg8 30. f4 Rc3 31. Kf2 Ra3 32. Rd2 Rc8 33. Bc2 Kf8 34. Bb3 Rc3 35. f5 a5 36. Bxd5 b4 37. f6 a4 38. Bh6+ 1-0

[Event "Sofia Hemus op 15th"]
[Site "Sofia"]
[Date "2004.10.10"]
[Round "4"]
[White "Evstatiev, Georgi"]
[Black "Filev, Georgi"]
[Result "1-0"]
[WhiteElo "2195"]
[BlackElo "2305"]
[PlyCount "93"]
[EventDate "2004.10.09"]
[EventType "swiss"]
[EventRounds "6"]
[EventCountry "BUL"]
[SourceTitle "CBM 102 Extra"]
[Source "ChessBase"]
[SourceDate "2004.11.03"]
[SourceVersion "1"]
[SourceVersionDate "2004.11.03"]
[SourceQuality "1"]

1. d4 d5 2. c4 c6 3. cxd5 cxd5 4. Nc3 Nf6 5. Bf4 Nc6 6. e3 e6 7. Nf3 Be7 8. Bd3 0-0 9. 0-0 b6 10. Ne5 Bb7 11. g4 Nxe5 12. Bxe5 Ne4 13. f3 Nxc3 14. bxc3 Rc8 15. Rc1 Bd6 16. Bxd6 Qxd6 17. f4 Rc7 18. Rf3 Rfc8 19. Qb3 a6 20. a4 Rc6 21. Rf2 Qc7 22. Rfc2 Qe7 23. g5 R8c7 24. Rb2 g6 25. Kf2 h5 26. Ke2 Qd8 27. Kd2 Qc8 28. Rbc2 Kg7 29. Qb2 Kh7 30. Qa3 Kg7 31. Rb2 Kh7 32. Rb3 Kg7 33. Qb2 b5 34. axb5 axb5 35. Bxb5 Rb6 36. Rb1 Ba6 37. Bxa6 Rxa6 38. Rb8 Qd7 39. Qb4 Ra2+ 40. Rb2 Rxb2+ 41. Qxb2 Qa4 42. Qb4 Qxb4 43. cxb4 Ra7 44. b5 Ra2+ 45. Kc3 Rxh2 46. b6 Rh1 47. Kc2 1-0

[Event "Kesarovski Georgiev Memorial 3rd"]
[Site "Sunny Beach"]
[Date "2004.09.20"]
[Round "4"]
[White "Evstatiev, Georgi"]
[Black "Manolov, Ivan"]
[Result "0-1"]
[WhiteElo "2085"]
[BlackElo "2257"]
[PlyCount "88"]
[EventDate "2004.09.18"]
[EventType "swiss"]
[EventRounds "9"]
[EventCountry "BUL"]
[SourceTitle "CBM 102 Extra"]
[Source "ChessBase"]
[SourceDate "2004.11.03"]
[SourceVersion "1"]
[SourceVersionDate "2004.11.03"]
[SourceQuality "1"]

1. d4 Nf6 2. Nf3 c5 3. e3 g6 4. c3 Bg7 5. Be2 0-0 6. 0-0 Qc7 7. Nbd2 d6 8. b3 e5 9. dxe5 dxe5 10. e4 Nc6 11. Qc2 h6 12. Nc4 Be6 13. a4 b6 14. Re1 Rfd8 15. Be3 Ng4 16. Bd2 Rd7 17. h3 Nf6 18. Be3 Rad8 19. a5 Ne8 20. axb6 axb6 21. Na3 Na5 22. Reb1 Rc8 23. Bb5 Rdd8 24. Nd2 Nd6 25. Bc4 Naxc4 26. bxc4 f5 27. f3 f4 28. Bf2 Ra8 29. Qb2 Rab8 30. Be1 Qf7 31. Rd1 g5 32. Bf2 h5 33. Nb5 Nxb5 34. Qxb5 g4 35. Bh4 Rd3 36. Kh2 g3+ 37. Kg1 Rb7 38. Ra8+ Kh7 39. Rd8 Rbd7 40. Rxd7 Qxd7 41. Qb2 Bxc4 42. Bg5 b5 43. Qc2 b4 44. cxb4 Bb3 0-1

[Event "Sofia Hemus op 11th"]
[Site "Sofia"]
[Date "2004.08.22"]
[Round "4"]
[White "Evstatiev, Georgi"]
[Black "Stoinev, Metodi"]
[Result "1-0"]
[WhiteElo "2195"]
[BlackElo "2300"]
[PlyCount "67"]
[EventDate "2004.08.21"]
[EventType "swiss"]
[EventRounds "5"]
[EventCountry "BUL"]
[SourceTitle "EXT 2005"]
[Source "ChessBase"]
[SourceDate "2004.11.15"]
[SourceVersion "1"]
[SourceVersionDate "2004.11.15"]
[SourceQuality "1"]

1. d4 d5 2. c4 c6 3. Nf3 Nf6 4. Nc3 a6 5. Bf4 b5 6. c5 Nbd7 7. h3 g6 8. e3 Bg7 9. Bd3 0-0 10. 0-0 Nh5 11. Bh2 f5 12. b4 a5 13. bxa5 Qxa5 14. Ne2 Re8 15. Nh4 e5 16. g4 fxg4 17. hxg4 Nhf6 18. Ng3 Nxc5 19. dxc5 Nxg4 20. e4 Nxh2 21. Kxh2 Qd8 22. Ng2 Qd7 23. Be2 d4 24. a4 Qh3+ 25. Kg1 Rxa4 26. Rxa4 bxa4 27. Qxa4 Bd7 28. Rb1 h5 29. Rb3 Be6 30. Ra3 Bf7 31. Nf5 Qxa3 32. Qxa3 gxf5 33. Bd3 f4 34. Qa6 1-0

[Event "Sofia Hemus op 10th"]
[Site "Sofia"]
[Date "2004.08.07"]
[Round "3"]
[White "Evstatiev, Georgi"]
[Black "Karakehajov, Kalin"]
[Result "0-1"]
[WhiteElo "2195"]
[BlackElo "2330"]
[PlyCount "66"]
[EventDate "2004.08.07"]
[EventType "swiss"]
[EventRounds "6"]
[EventCountry "BUL"]
[SourceTitle "CBM 101 Extra"]
[Source "ChessBase"]
[SourceDate "2004.09.01"]
[SourceVersion "2"]
[SourceVersionDate "2004.09.01"]
[SourceQuality "1"]

1. d4 d5 2. c4 e6 3. e3 Nf6 4. Nf3 Be7 5. Nc3 0-0 6. b3 b6 7. Bd3 Bb7 8. 0-0 Nbd7 9. Bb2 dxc4 10. bxc4 c5 11. Qe2 Qc7 12. Rad1 Rad8 13. Ne5 cxd4 14. exd4 Nxe5 15. dxe5 Nd7 16. f4 Nc5 17. Bc2 Rxd1 18. Rxd1 Rd8 19. Rf1 a6 20. f5 Bg5 21. Nb1 Qc6 22. Rf3 Ne4 23. Bd3 h6 24. Ba3 exf5 25. Rxf5 Nc5 26. Bxc5 Qxc5+ 27. Kf1 Qd4 28. Bc2 Bc8 29. Rf2 Bg4 30. Qe1 Be3 31. Re2 Qf4+ 32. Rf2 Bxf2 33. Qxf2 Qc1+ 0-1

[Event "Sofia op 2nd"]
[Site "Sofia"]
[Date "2004.04.03"]
[Round "1.4"]
[White "Paskalev, Dinko"]
[Black "Evstatiev, Georgi"]
[Result "0-1"]
[WhiteElo "1925"]
[BlackElo "2195"]
[PlyCount "60"]
[EventDate "2004.04.03"]
[EventType "swiss"]
[EventRounds "6"]
[EventCountry "BUL"]
[SourceTitle "CBM 099 Extra"]
[Source "ChessBase"]
[SourceDate "2004.05.04"]
[SourceVersion "1"]
[SourceVersionDate "2004.05.04"]
[SourceQuality "1"]

1. d4 f5 2. c4 e6 3. g3 Nf6 4. Bg2 Be7 5. Nc3 c6 6. e3 0-0 7. Nge2 d5 8. b3 b6 9. Bb2 Ne4 10. Nxe4 fxe4 11. 0-0 Kh8 12. Rc1 Na6 13. a3 Nc7 14. cxd5 cxd5 15. Qc2 Bd6 16. Qc6 Ba6 17. Rfe1 Rc8 18. Qa4 Qf6 19. Nf4 g5 20. Nh3 Qe7 21. Rc3 Bb5 22. Rxc7 Bxa4 23. Rxe7 Bxe7 24. bxa4 Rc2 25. Rb1 h6 26. g4 Rfc8 27. Kf1 Bd6 28. Ke1 Bxh2 29. Kd1 R8c7 30. Rc1 Rxb2 0-1